Segovia [ (Record no. 91665)

MARC details
000 -LEADER
campo de control de longitud fija 01352nem a2200265 i 4500
001 - NÚMERO DE CONTROL
campo de control 91665
003 - IDENTIFICADOR DE NÚMERO DE CONTROL
campo de control ES-MaACL
005 - FECHA Y HORA DE LA ÚLTIMA TRANSACCIÓN
campo de control 20250808063514.0
007 - CAMPO FIJO DE DESCRIPCIÓN FÍSICA--INFORMACIÓN GENERAL
campo de control de longitud fija t|
008 - DATOS DE LONGITUD FIJA--INFORMACIÓN GENERAL
campo de control de longitud fija 050201s1849 sp b | |0|1||spa d
080 ## - NÚMERO DE LA CLASIFICACIÓN DECIMAL UNIVERSAL
Número de la Clasificación Decimal Universal 912(460.188)
100 1# - ENTRADA PRINCIPAL--NOMBRE DE PERSONA
Nombre de persona Coello, Francisco,
Fechas asociadas al nombre 1822-1898
9 (RLIN) 39459
245 10 - MENCIÓN DEL TÍTULO
Título Segovia [
Medio Material cartográfico] /
Mención de responsabilidad, etc. por el Teniente Coronel Capitán de Ingenieros D. Francisco Coello ; auxiliado por D. Pascual Madoz, autor de las notas estadísticas e históricas.
260 ## - PUBLICACIÓN, DISTRIBUCIÓN, ETC.
Lugar de publicación, distribución, etc. Madrid :
Nombre del editor, distribuidor, etc. [s.n.],
Fecha de publicación, distribución, etc. 1849.
300 ## - DESCRIPCIÓN FÍSICA
Extensión 1 mapa ;
Dimensiones 84 x 111 cm, pleg. en 21 x 14 cm.
500 ## - NOTA GENERAL
Nota general Escala: 1:200.000.
500 ## - NOTA GENERAL
Nota general Cortado en cuadrículas y forrado en tela. Otra presentación editorial doblado en papel y con cartera en la misma forma que éste.
500 ## - NOTA GENERAL
Nota general En el margen superior: Diccionario geográfico-estadístico-histórico ; Atlas de España y sus posesiones de Ultramar.
505 8# - NOTA DE CONTENIDO CON FORMATO
Nota de contenido con formato Contiene: Noticias estadísticas e históricas, planos de las localidades más importantes y detalles de algunas zonas
651 #4 - PUNTO DE ACCESO ADICIONAL DE MATERIA--NOMBRE GEOGRÁFICO
Nombre geográfico Segovia (Provincia)-
Subdivisión de forma Mapas-
Subdivisión cronológica S.XIX.
9 (RLIN) 9375
700 1# - ENTRADA AGREGADA--NOMBRE PERSONAL
Nombre de persona Madoz, Pascual,
Fechas asociadas al nombre 1806-1870
9 (RLIN) 75334
740 0# - ENTRADA AGREGADA--TÍTULO RELACIONADO/ANALÍTICO NO CONTROLADO
Título relacionado o analítico no controlado Atlas de España y sus posesiones de Ultramar.
852 ## - LOCALIZACIÓN
Ubicación ES-MaACL
Número de control de estantería R-3226-66
Encuadernación Olim:G-6494-6537
condición física . - Montado sobre tela y con estuche nuevo
Holdings
Estatus retirado Estado de pérdida Estado de daño No para préstamo Biblioteca de origen Biblioteca actual Ubicación en estantería Fecha de adquisición Fuente de adquisición Total de préstamos Signatura topográfica completa Código de barras Visto por última vez Precio de reemplazo Tipo de ítem Koha
        Biblioteca del Ateneo de Madrid Biblioteca del Ateneo de Madrid Depósito 17/01/2008     R-3226-66 1095703 23/02/2023 23/02/2023 Mapa